000 00785nas a2200253 4500
001 BR9703397
003 BR-BrBNA
005 20231205100311.0
007 ta
008 230509b bl.|||p| |||| 00| 00por d
040 _aBR-BrBNA
_bpor
_cBiblioteca Nacional de Agricultura
041 _a(Pt)
072 _aP34
100 1 _aSilva Junior, J.P. da
100 1 _aSiqueira, J.O.
245 1 _aAplicacao de formononetina sintetica ao solo como estimulante da formacao de micorriza no milho e na soja
650 _aSolo
650 _aMilho
650 _aSimbiose
650 _aMicorriza
773 0 _tRevista Brasileira de Fisiologia Vegetal (Brazil)
_xISSN 0103-3131
_g(Apr 1997), v. 9(1) p. 35-41
_wBR9703397
909 _a202311
_bLúcia
_c55
_dLúcia Elande
942 _2AGRIS
_n0
_cANA
999 _c155235
_d155235